Guitarists by Picture - Statistics

General Stats
  • This quiz has been taken 560 times
    516 since last reset
  • The average score is 22 of 42
Answer Stats
Picture Answer % Correct
Jimi Hendrix
93%
Slash
91%
Chuck Berry
82%
Brian May
80%
Eddie Van Halen
80%
Angus Young
79%
Eric Clapton
76%
George Harrison
76%
B.B. King
75%
Jimmy Page
71%
Kirk Hammett
70%
Keith Richards
67%
Buckethead
64%
Carlos Santana
64%
David Gilmour
62%
Mark Knopfler
61%
Tony Iommi
60%
Dave Mustaine
59%
The Edge
59%
Stevie Ray Vaughan
57%
Dimebag Darrell
55%
Tom Morello
52%
Jeff Beck
47%
Pete Townshend
47%
Joe Satriani
45%
Billy Gibbons
43%
Randy Rhoads
41%
Steve Vai
41%
Robert Johnson
39%
Duane Allman
36%
Lindsey Buckingham
34%
Joe Perry
31%
Ritchie Blackmore
31%
Bo Diddley
29%
Peter Frampton
28%
Alex Lifeson
25%
Dave Davies
25%
Gary Moore
25%
Joe Walsh
22%
Chet Atkins
20%
John Lee Hooker
17%
Robert Fripp
15%
No matching quizzes found
Score Distribution
Percent of People with Each Score
Percentile by Number Answered
Your Score History
You have not taken this quiz since the last reset